000
00339nam a2200145Ia 4500
008
230718s9999 xx 000 0 und d
041
_a
Eng.
082
_a
340
_b
HAQ-N
100
_a
Haq, Anwar-ul-sh.
245
0
_a
National Judicial Policy
260
_a
Pakistan
_b
Punjab law house
_c
2011
300
_a
48
650
_a
Law
999
_c
27848
_d
27848